| 000 | 00551nam a22001937a 4500 | ||
|---|---|---|---|
| 003 | OSt | ||
| 005 | 20170222150412.0 | ||
| 008 | 170222b xxu||||| |||| 00| 0 eng d | ||
| 020 | _a0750607939 | ||
| 040 | _c040a | ||
| 082 |
_a621.51 _bPAR 1991 |
||
| 100 |
_aParr, Andrew _911637 |
||
| 245 |
_aHydraulics and pneumatics : _ba technician's and engineer's guide. _cAndrew Parr |
||
| 260 |
_aOxford _bButterworth Heinemann _c1991 |
||
| 300 |
_aviii, 223p; _bill : _c12 cm |
||
| 504 | _aIncludes index | ||
| 650 |
_aHydraulics _911638 |
||
| 942 |
_2ddc _cO_SHELF |
||
| 999 |
_c5571 _d5571 |
||